Ricostruisci la Carriera del Calciatore - Mattia Zaccagni - Statistics

Statistiche generali
  • Questo quiz è stato fatto 4 volte
  • Il punteggio medio è 4 su 6
Statistiche sulle risposte
Hint Risposta % Corretto
2012-2013 Bellaria
100%
2021- Lazio
100%
2016 Cittadella
67%
2016-2021 Verona
67%
2014-2015 Venezia
33%
2015-2016 Verona
33%
Nessun quiz corrispondente trovato
Distribuzione punteggi
Percentuale di utenti per punteggio
Percentile per numero di risposta
I tuoi punteggi nel tempo
Non hai fatto questo quiz